000 00397nam a2200145Ia 4500
005 20250729165754.0
008 250729s2012 xx 000 0 und d
041 _aeng
082 _a530.25 COMB
100 _aCommisionarate of Pre University
_9232611
245 _aBiology - I P U C
260 _aBangalore
_bCommisionarate of Pre University
_c2012
300 _a134p
650 _aBiology
_9232612
999 _c239869
_d239869